Normal view
MARC view
- الاصابات-وطرق علاجها
Entry Topical Term
001 - CONTROL NUMBER
- control field: 7743
003 - CONTROL NUMBER IDENTIFIER
- control field: JO-AjAnu
005 - DATE AND TIME OF LATEST TRANSACTION
- control field: 20230606071542.0
008 - FIXED-LENGTH DATA ELEMENTS
- fixed length control field: 230606|| aca||aabn | a|a d
040 ## - CATALOGING SOURCE
- Original cataloging agency: JO-AjAnu
- Transcribing agency: JO-AjAnu
150 ## - HEADING--TOPICAL TERM
- Topical term or geographic name entry element: الاصابات-وطرق علاجها
670 ## - SOURCE DATA FOUND
- Source citation: Work cat.: (JO-AjAnu)4002: تاليف ابراهيم، ايوب، م.مشارك ابراهيم البصري, author 7742, الاصابات المفصلية والعضلية في كرة القدم